000 00309nam a2200097Ia 4500
082 _a576.50|DEMP
245 0 _aCrossing over : the basics of evolution : workbook for teachers
100 _a Dempster, E. Cape Town, South Africa, 2006
_966856
942 _cBK
008 210817s9999 xx 000 0 und d
999 _c214806
_d214805